| 000 | 00440nam a2200145Ia 4500 | ||
|---|---|---|---|
| 008 | 170224s9999 xx 000 0 und d | ||
| 100 | _aMohammad Alhadab | ||
| 245 | _aReal and accrual earnings management and IPO failure risk | ||
| 245 | _cMohammad Alhadab, Iain Clacher & Kevin Keasey | ||
| 260 | _bAccounting and Business Research | ||
| 260 | _c2015 | ||
| 300 | _a45:1, pages 55-92 | ||
| 650 | _xAccountancy | ||
| 650 | _xAccounting | ||
| 999 |
_c316087 _d316087 |
||